Approaches to Islam

Bibliographic Details
Main Author: Tames, Richard (Author)
Format: Book
Published: London : John Murray , 1982
Subjects:

MARC

LEADER 00000cam a2200000 7i4500
001 0000004226
005 20140327093000.0
008 021118s1982
020 |a 0719539145 
090 0 0 |a BP45   |b .T35 1982 
100 0 |a Tames, Richard ,   |e author 
245 0 0 |a Approaches to Islam   |c Richard Tames 
260 2 |a London :   |b John Murray ,   |c 1982 
300 |a 264 p. ;   |c 22 cm. 
650 0 |a Islam 
999 |a 1000001345   |b Book   |c OPEN SHELF (30 DAYS)   |e Gong Badak Campus 
999 |a 1000001347   |b Book   |c OPEN SHELF (30 DAYS)   |e Gong Badak Campus 
999 |a 1000001348   |b Book   |c OPEN SHELF (30 DAYS)   |e Gong Badak Campus